[Event "Stay Safe Play From Home 276"]
[Site "Emanuel Lasker Arena"]
[Date "2020.07.03"]
[Round "6"]
[White "Timbre"]
[Black "Justwatch"]
[Result "1-0"]
[WhiteElo "1611"]
[BlackElo "1297"]
[Annotator "NA"]
[PlyCount "55"]
[EventDate "2020.07.03"]
[EventType "swiss (blitz)"]

1. d4 {[%emt 0:00:10]} Nf6 {[%emt 0:00:00]} 2. Nf3 {[%emt 0:00:01]} g6 {[%emt 0:00:00]} 3. c3 {[%emt 0:00:01]} Bg7 {[%emt 0:00:00]} 4. Bf4 {[%emt 0:00:01]} O-O {[%emt 0:00:00]} 5. e3 {[%emt 0:00:01]} d6 {[%emt 0:00:00]} 6. Be2 {[%emt 0:00:01]} Bg4 {[%emt 0:00:00]} 7. Nbd2 {[%emt 0:00:01]} Bxf3 {[%emt 0:00:00]} 8. Nxf3 {[%emt 0:00:02]} c6 {[%emt 0:00:00]} 9. Qb3 {[%emt 0:00:03]} Nbd7 {[%emt 0:00:00]} 10. Qxb7 {[%emt 0:00:02]} c5 {[%emt 0:00:03]} 11. Qb3 {[%emt 0:00:03]} cxd4 {[%emt 0:00:01]} 12. exd4 {[%emt 0:00:02]} Rb8 {[%emt 0:00:00]} 13. Qc2 {[%emt 0:00:02]} Nb6 {[%emt 0:00:00]} 14. O-O {[%emt 0:00:05]} Nfd7 {[%emt 0:01:16]} 15. Rab1 {[%emt 0:00:05]} Nf6 {[%emt 0:00:05]} 16. Qd2 {[%emt 0:00:02]} Nbd7 {[%emt 0:00:12]} 17. h3 {[%emt 0:00:01]} e6 {[%emt 0:00:02]} 18. Nh2 {[%emt 0:00:03]} d5 {[%emt 0:00:00]} 19. Bh6 {[%emt 0:00:07]} Nb6 {[%emt 0:00:12]} 20. Bxg7 {[%emt 0:00:02]} Kxg7 {[%emt 0:00:00]} 21. Bg4 {[%emt 0:00:02]} Nxg4 {[%emt 0:00:02]} 22. Nxg4 {[%emt 0:00:02]} Qh4 {[%emt 0:00:00]} 23. Qe3 {[%emt 0:00:10]} Nc4 {[%emt 0:00:07]} 24. Qe2 {[%emt 0:00:09]} h5 {[%emt 0:00:18]} 25. Ne5 {[%emt 0:00:07]} Nxe5 {[%emt 0:00:30]} 26. Qxe5+ {[%emt 0:00:02]} Kh6 {[%emt 0:00:01]} 27. Rfe1 {[%emt 0:00:09]} Rb6 {[%emt 0:00:30]} 28. Re3 {[%emt 0:00:07] Zaman (Lag: Av=0.44s, max=1.1s) '} 1-0

[Event "Stay Safe Play From Home 276"]
[Site "Emanuel Lasker Arena"]
[Date "2020.07.03"]
[Round "6"]
[White "Robk"]
[Black "Dukic"]
[Result "0-1"]
[WhiteElo "1583"]
[BlackElo "1928"]
[Annotator "NA"]
[PlyCount "146"]
[EventDate "2020.07.03"]
[EventType "swiss (blitz)"]

1. e4 {[%emt 0:00:02]} c6 {[%emt 0:00:47]} 2. c4 {[%emt 0:00:03]} d6 {[%emt 0:00:00]} 3. d4 {[%emt 0:00:02]} Nd7 {[%emt 0:00:00]} 4. Nc3 {[%emt 0:00:02]} e5 {[%emt 0:00:00]} 5. Nf3 {[%emt 0:00:09]} Be7 {[%emt 0:00:01]} 6. Be3 {[%emt 0:00:03]} Ngf6 {[%emt 0:00:01]} 7. Qd2 {[%emt 0:00:05]} O-O {[%emt 0:00:02]} 8. Be2 {[%emt 0:00:03]} a6 {[%emt 0:00:02]} 9. O-O {[%emt 0:00:04]} Re8 {[%emt 0:00:02]} 10. dxe5 {[%emt 0:00:08]} dxe5 {[%emt 0:00:03]} 11. Rad1 {[%emt 0:00:07]} b5 {[%emt 0:00:05]} 12. cxb5 {[%emt 0:00:03]} axb5 {[%emt 0:00:03]} 13. a3 {[%emt 0:00:01]} Qc7 {[%emt 0:00:05]} 14. h3 {[%emt 0:00:02]} b4 {[%emt 0:00:04]} 15. axb4 {[%emt 0:00:03]} Bxb4 {[%emt 0:00:01]} 16. Qc2 {[%emt 0:00:05]} Qa5 {[%emt 0:00:07]} 17. Ra1 {[%emt 0:00:08]} Qxa1 {[%emt 0:00:05]} 18. Rxa1 {[%emt 0:00:02]} Rxa1+ {[%emt 0:00:01]} 19. Kh2 {[%emt 0:00:01]} Bb7 {[%emt 0:00:53]} 20. Bc4 {[%emt 0:00:05]} h6 {[%emt 0:00:04]} 21. Nh4 {[%emt 0:00:08]} Bc5 {[%emt 0:00:37]} 22. Bxc5 {[%emt 0:00:07]} Nxc5 {[%emt 0:00:01]} 23. f3 {[%emt 0:00:04]} Ne6 {[%emt 0:00:08]} 24. Nf5 {[%emt 0:00:03]} Nd4 {[%emt 0:00:17]} 25. Nxd4 {[%emt 0:00:06]} exd4 {[%emt 0:00:01]} 26. Ne2 {[%emt 0:00:01]} c5 {[%emt 0:00:05]} 27. Qb3 {[%emt 0:00:03]} Re7 {[%emt 0:00:03]} 28. Qb6 {[%emt 0:00:17]} Rb1 {[%emt 0:00:12]} 29. Qd8+ {[%emt 0:00:03]} Re8 {[%emt 0:00:02]} 30. Qb6 {[%emt 0:00:07]} Bc8 {[%emt 0:00:04]} 31. Qxc5 {[%emt 0:00:07]} Rxb2 {[%emt 0:00:03]} 32. Nxd4 {[%emt 0:00:01]} Be6 {[%emt 0:00:03]} 33. Nxe6 {[%emt 0:00:10]} fxe6 {[%emt 0:00:01]} 34. Qd6 {[%emt 0:00:09]} Kf7 {[%emt 0:00:02]} 35. Qc7+ {[%emt 0:00:03]} Re7 {[%emt 0:00:01]} 36. Qe5 {[%emt 0:00:06]} Rc2 {[%emt 0:00:02]} 37. Bb3 {[%emt 0:00:06]} Rd2 {[%emt 0:00:02]} 38. f4 {[%emt 0:00:04]} Re2 {[%emt 0:00:04]} 39. f5 {[%emt 0:00:04]} Rxe4 {[%emt 0:00:01]} 40. Bxe6+ {[%emt 0:00:08]} Rxe6 {[%emt 0:00:03]} 41. fxe6+ {[%emt 0:00:01]} Ke7 {[%emt 0:00:02]} 42. Qc7+ {[%emt 0:00:02]} Kxe6 {[%emt 0:00:01]} 43. Qxg7 {[%emt 0:00:01]} h5 {[%emt 0:00:02]} 44. Qg3 {[%emt 0:00:07]} Kf5 {[%emt 0:00:03]} 45. Qf3+ {[%emt 0:00:04]} Rf4 {[%emt 0:00:01]} 46. Qd3+ {[%emt 0:00:03]} Re4 {[%emt 0:00:01]} 47. Qb5+ {[%emt 0:00:14]} Re5 {[%emt 0:00:02]} 48. Qf1+ {[%emt 0:00:01]} Kg5 {[%emt 0:00:02]} 49. h4+ {[%emt 0:00:05]} Kg6 {[%emt 0:00:02]} 50. Qd3+ {[%emt 0:00:03]} Kf7 {[%emt 0:00:05]} 51. Qf3 {[%emt 0:00:07]} Kg6 {[%emt 0:00:01]} 52. Qf4 {[%emt 0:00:08]} Kf7 {[%emt 0:00:03]} 53. Qxe5 {[%emt 0:00:02]} Ng4+ {[%emt 0:00:01]} 54. Kg3 {[%emt 0:00:09]} Nxe5 {[%emt 0:00:00]} 55. Kf4 {[%emt 0:00:01]} Kf6 {[%emt 0:00:02]} 56. g3 {[%emt 0:00:07]} Ng4 {[%emt 0:00:02]} 57. Ke4 {[%emt 0:00:01]} Kg6 {[%emt 0:00:03]} 58. Kf4 {[%emt 0:00:00]} Nf6 {[%emt 0:00:02]} 59. Kf3 {[%emt 0:00:03]} Kf5 {[%emt 0:00:01]} 60. Kf2 {[%emt 0:00:01]} Kg4 {[%emt 0:00:01]} 61. Kg2 {[%emt 0:00:00]} Ne4 {[%emt 0:00:01]} 62. Kh2 {[%emt 0:00:00]} Nxg3 {[%emt 0:00:01]} 63. Kg2 {[%emt 0:00:01]} Nf5 {[%emt 0:00:00]} 64. Kh2 {[%emt 0:00:01]} Nxh4 {[%emt 0:00:00]} 65. Kh1 {[%emt 0:00:02]} Nf3 {[%emt 0:00:00]} 66. Kg2 {[%emt 0:00:02]} h4 {[%emt 0:00:00]} 67. Kh1 {[%emt 0:00:00]} Ng5 {[%emt 0:00:03]} 68. Kg2 {[%emt 0:00:00]} Kf4 {[%emt 0:00:02]} 69. Kh1 {[%emt 0:00:00]} Kg3 {[%emt 0:00:01]} 70. Kg1 {[%emt 0:00:01]} h3 {[%emt 0:00:01]} 71. Kh1 {[%emt 0:00:00]} Ne4 {[%emt 0:00:02]} 72. Kg1 {[%emt 0:00:00]} h2+ {[%emt 0:00:01]} 73. Kh1 {[%emt 0:00:00]} Nf2# {[%emt 0:00:01] (Lag: Av=0.50s, max=0.9s)} 0-1

[Event "Stay Safe Play From Home 276"]
[Site "Emanuel Lasker Arena"]
[Date "2020.07.03"]
[Round "7"]
[White "AChessPlayer"]
[Black "Klasman"]
[Result "1-0"]
[WhiteElo "2365"]
[BlackElo "1661"]
[PlyCount "53"]
[EventDate "2020.07.03"]
[EventType "swiss (blitz)"]

1. d4 {[%emt 0:00:02]} f5 {[%emt 0:00:02]} 2. Nc3 {[%emt 0:00:03]} Nf6 {[%emt 0:00:01]} 3. Bg5 {[%emt 0:00:01]} e6 {[%emt 0:00:02]} 4. e4 {[%emt 0:00:03]} fxe4 {[%emt 0:00:06]} 5. Nxe4 {[%emt 0:00:00]} Be7 {[%emt 0:00:02]} 6. Nxf6+ {[%emt 0:00:01]} Bxf6 {[%emt 0:00:01]} 7. h4 {[%emt 0:00:00]} d5 {[%emt 0:00:04]} 8. Nf3 {[%emt 0:00:03]} O-O {[%emt 0:00:10]} 9. Bd3 {[%emt 0:00:02]} h6 {[%emt 0:00:04]} 10. Bxf6 {[%emt 0:00:29]} Qxf6 {[%emt 0:00:02]} 11. c3 {[%emt 0:00:01]} Nc6 {[%emt 0:00:06]} 12. Qe2 {[%emt 0:00:02]} Bd7 {[%emt 0:00:03]} 13. O-O-O {[%emt 0:00:04]} a5 {[%emt 0:00:08]} 14. Kb1 {[%emt 0:00:05]} a4 {[%emt 0:00:01]} 15. a3 {[%emt 0:00:05]} Na5 {[%emt 0:00:05]} 16. Ne5 {[%emt 0:00:04]} Bc6 {[%emt 0:00:11]} 17. Rdf1 {[%emt 0:00:15]} Rae8 {[%emt 0:00:14]} 18. f4 {[%emt 0:00:04]} Nb3 {[%emt 0:00:13]} 19. g4 {[%emt 0:00:03]} Qe7 {[%emt 0:00:44]} 20. g5 {[%emt 0:00:04]} Rf5 {[%emt 0:00:31]} 21. gxh6 {[%emt 0:00:05]} gxh6 {[%emt 0:00:13]} 22. Rhg1+ {[%emt 0:00:02]} Kh7 {[%emt 0:00:08]} 23. Qg2 {[%emt 0:00:22]} Qf6 {[%emt 0:00:13]} 24. h5 {[%emt 0:00:10]} Rf8 {[%emt 0:00:13]} 25. Qg6+ {[%emt 0:00:02]} Qxg6 {[%emt 0:00:07]} 26. hxg6+ {[%emt 0:00:02]} Kg7 {[%emt 0:00:04]} 27. Bxf5 {[%emt 0:00:01] Time (Lag: Av=0.46s, max=0.6s)} 1-0

[Event "Stay Safe Play From Home 276"]
[Site "Emanuel Lasker Arena"]
[Date "2020.07.03"]
[Round "7"]
[White "Dukic"]
[Black "Aadi3110theking"]
[Result "0-1"]
[WhiteElo "1933"]
[BlackElo "1845"]
[Annotator "NA"]
[PlyCount "43"]
[EventDate "2020.07.03"]
[EventType "swiss (blitz)"]

1. c4 {[%emt 0:00:03]} Nf6 {[%emt 0:00:01]} 2. Nc3 {[%emt 0:00:03]} g6 {[%emt 0:00:01]} 3. d4 {[%emt 0:00:02]} Bg7 {[%emt 0:00:00]} 4. e4 {[%emt 0:00:01]} d6 {[%emt 0:00:01]} 5. f3 {[%emt 0:00:01]} O-O {[%emt 0:00:01]} 6. Be3 {[%emt 0:00:00]} e5 {[%emt 0:00:02]} 7. d5 {[%emt 0:00:10]} Nbd7 {[%emt 0:00:03]} 8. Qd2 {[%emt 0:00:01]} a5 {[%emt 0:00:02]} 9. Nge2 {[%emt 0:00:01]} b6 {[%emt 0:00:03]} 10. g4 {[%emt 0:00:02]} Nc5 {[%emt 0:00:02]} 11. Ng3 {[%emt 0:00:02]} Ne8 {[%emt 0:00:12]} 12. h4 {[%emt 0:00:06]} Bf6 {[%emt 0:00:09]} 13. h5 {[%emt 0:00:07]} g5 {[%emt 0:00:01]} 14. h6 {[%emt 0:00:04]} Kh8 {[%emt 0:00:02]} 15. Nh5 {[%emt 0:00:06]} Rg8 {[%emt 0:00:01]} 16. Nxf6 {[%emt 0:00:03]} Qxf6 {[%emt 0:00:03]} 17. Be2 {[%emt 0:00:03]} Qg6 {[%emt 0:00:22]} 18. Rh5 {[%emt 0:00:17]} f6 {[%emt 0:00:02]} 19. b3 {[%emt 0:00:07]} Bd7 {[%emt 0:00:03] Aadi3110theking offers a draw} 20. Qd4 {[%emt 0:00:19]} exd4 {[%emt 0:00:06]} 21. Kd2 {[%emt 0:00:02]} dxe3+ {[%emt 0:00:02]} 22. Kd1 {[%emt 0:00:01] Dukic gibt auf (Lag: Av=0.69s, max=1.0s)} 0-1

[Event "Stay Safe Play From Home 276"]
[Site "Emanuel Lasker Arena"]
[Date "2020.07.03"]
[Round "7"]
[White "haris kollari 13"]
[Black "Erdema"]
[Result "1-0"]
[WhiteElo "1916"]
[BlackElo "1659"]
[Annotator "NA"]
[PlyCount "49"]
[EventDate "2020.07.03"]
[EventType "swiss (blitz)"]

1. e4 {[%emt 0:00:02]} e5 {[%emt 0:00:02]} 2. Nf3 {[%emt 0:00:01]} Nc6 {[%emt 0:00:01]} 3. Bb5 {[%emt 0:00:01]} a6 {[%emt 0:00:02]} 4. Ba4 {[%emt 0:00:01]} Bc5 {[%emt 0:00:02]} 5. d3 {[%emt 0:00:01]} b5 {[%emt 0:00:01]} 6. Bb3 {[%emt 0:00:01]} h6 {[%emt 0:00:01]} 7. Be3 {[%emt 0:00:09]} Bxe3 {[%emt 0:00:03]} 8. fxe3 {[%emt 0:00:01]} Nf6 {[%emt 0:00:01]} 9. Nc3 {[%emt 0:00:05]} O-O {[%emt 0:00:01]} 10. Qe2 {[%emt 0:00:02]} d6 {[%emt 0:00:02]} 11. h3 {[%emt 0:00:03]} Be6 {[%emt 0:00:02]} 12. g4 {[%emt 0:00:02]} Bxb3 {[%emt 0:00:03]} 13. axb3 {[%emt 0:00:01]} Nh7 {[%emt 0:00:03]} 14. h4 {[%emt 0:00:02]} f6 {[%emt 0:00:07]} 15. Qg2 {[%emt 0:00:05]} Re8 {[%emt 0:00:14]} 16. Rg1 {[%emt 0:00:01]} Ne7 {[%emt 0:00:02]} 17. g5 {[%emt 0:00:03]} fxg5 {[%emt 0:00:02]} 18. hxg5 {[%emt 0:00:01]} hxg5 {[%emt 0:00:01]} 19. Nxg5 {[%emt 0:00:01]} g6 {[%emt 0:00:23]} 20. Nxh7 {[%emt 0:00:05]} Kxh7 {[%emt 0:00:01]} 21. O-O-O {[%emt 0:00:02]} Rf8 {[%emt 0:00:09]} 22. Nd5 {[%emt 0:00:02]} Nxd5 {[%emt 0:00:05]} 23. Qxg6+ {[%emt 0:00:02]} Kh8 {[%emt 0:00:02]} 24. exd5 {[%emt 0:00:03]} Qe8 {[%emt 0:00:12]} 25. Rh1# {[%emt 0:00:01] (Lag: Av=0.54s, max=0.8s)} 1-0

[Event "Stay Safe Play From Home 276"]
[Site "Emanuel Lasker Arena"]
[Date "2020.07.03"]
[Round "7"]
[White "Timbre"]
[Black "Robk"]
[Result "1-0"]
[WhiteElo "1616"]
[BlackElo "1579"]
[Annotator "NA"]
[PlyCount "53"]
[EventDate "2020.07.03"]
[EventType "swiss (blitz)"]

1. d4 {[%emt 0:00:08]} d5 {[%emt 0:00:02]} 2. Nf3 {[%emt 0:00:01]} Nf6 {[%emt 0:00:02]} 3. c3 {[%emt 0:00:01]} e6 {[%emt 0:00:01]} 4. Bf4 {[%emt 0:00:02]} c6 {[%emt 0:00:01]} 5. e3 {[%emt 0:00:01]} Nbd7 {[%emt 0:00:04]} 6. Bd3 {[%emt 0:00:03]} Be7 {[%emt 0:00:01]} 7. Qe2 {[%emt 0:00:01]} O-O {[%emt 0:00:01]} 8. Nbd2 {[%emt 0:00:01]} h6 {[%emt 0:00:02]} 9. h3 {[%emt 0:00:02]} c5 {[%emt 0:00:01]} 10. Bc2 {[%emt 0:00:04]} c4 {[%emt 0:00:01]} 11. a3 {[%emt 0:00:04]} b5 {[%emt 0:00:01]} 12. e4 {[%emt 0:00:01]} Bb7 {[%emt 0:00:06]} 13. e5 {[%emt 0:00:03]} Ne8 {[%emt 0:00:04]} 14. O-O {[%emt 0:00:02]} f5 {[%emt 0:00:02]} 15. exf6 {[%emt 0:00:05]} Rxf6 {[%emt 0:00:02]} 16. Be5 {[%emt 0:00:05]} Rf8 {[%emt 0:00:04]} 17. Nh4 {[%emt 0:00:10]} Nc7 {[%emt 0:00:08]} 18. Ng6 {[%emt 0:00:03]} Nxe5 {[%emt 0:00:04]} 19. Nxe5 {[%emt 0:00:05]} Bf6 {[%emt 0:00:01]} 20. Ndf3 {[%emt 0:00:04]} Bc8 {[%emt 0:00:17]} 21. Rae1 {[%emt 0:00:04]} Bd7 {[%emt 0:00:02]} 22. Bb1 {[%emt 0:00:02]} Be8 {[%emt 0:00:04]} 23. Qc2 {[%emt 0:00:02]} Bxe5 {[%emt 0:00:06]} 24. Qh7+ {[%emt 0:00:08]} Kf7 {[%emt 0:00:02]} 25. Nxe5+ {[%emt 0:00:01]} Ke7 {[%emt 0:00:02]} 26. Qxg7+ {[%emt 0:00:04]} Bf7 {[%emt 0:00:01]} 27. Nc6+ {[%emt 0:00:04] Robk resigns (Lag: Av=0.34s, max=0.6s)} 1-0